000
00214 a2200097 4500
001
12203
100
_a
Saleem Akhtar
245
_a
Khushgawar aur Mutmaen Zindgi
260
_a
_b
sang-e-Meel
_c
090
_c
9417
_d
9417
942
_a
NUST-CAE
_c
M
_c
36286
999
_c
247276
_d
247276